000 01159nam0a22003131 4500
001 rc\4506780
005 20250612103058.0
010 _bВ пер.
_d25 к.
_930000
021 _aRU
_b[62-74965]
035 _a(NLR Aleph) 008616560
090 _a8796453
_c8796453
100 _a20130416d1962 |||y0rusy50 ca
101 0 _arus
102 _aRU
105 _aa z |||c|
200 1 _aЖизнь продолжается
_eочерки
_fА.Я. Котенев
210 _aМосква
_cВоениздат
_d1962
215 _a118 с.
_cил.
_d18
225 1 _aБиблиотека солдата и матроса
606 1 _aСоветская Армия в художественной литературе
_jСборники
_91533107
_3RU\NLR\AUTH\66969100
606 1 _aВооруженные силы
_jСборники
_yСССР
_9889193
_3RU\NLR\AUTH\66985
686 0 _aШ6(2=Р)75-4
_2rubbk
700 1 _aКотенев
_bА.Я.
_f1917-
_gАлексей Яковлевич
801 0 _aRU
_bNLR
_c20130416
_gpsbo
801 1 _aRU
_bELAR
_c20130416
_2rusmarc
801 2 _aRU
_bNLR
_c20150320
_2rusmarc
852 _aNLR
_j62-2/3090
942 _cBOOK
980 _aNB